Inazuma Eleven 2: Genesis - Statistiques

Statistiques générales
  • Ce quiz a été pris 160 fois
  • Le résultat moyen est 6 sur 11
Statistiques - réponses
Rôle Numéro Réponse % Correct
Milieu 10 Bellatrix
99%
Attaquant 11 Xene
99%
Gardien 1 Nero
95%
Attaquant 9 Wittz
70%
Défenseur 3 Kiburn
43%
Défenseur 4 Zohen
43%
Milieu 7 Kiwill
42%
Milieu 8 Ark
39%
Défenseur 2 Gele
37%
Défenseur/Milieu 6 Kormer
37%
Défenseur 5 Hauser
25%
Aucun quiz correspondant
Distribution des résultats
% des personnes avec chaque résultat
Percentile par nombre de réponses
Votre historique - résultats
Vous n’avez pas pris ce quiz